000 00729nam a22002057a 4500
999 _c158060
_d158060
005 20181016104004.0
010 _aENG-124284
020 _c100.00
035 _aEN-107816
037 _bDBAD/PUB
082 _a338.10954
245 _aIndian agricultural heritage:
_ccompiled by Chitturi B S Subrahmanyam
_b[C.400 BCE- 1700 CE] /
260 _aSecunderabad
_bAsian Agri- History Foundation
_c2014
260 _aBengaluru
_bGreen Infrastructure Projects Pvt. Ltd.
_c2014
270 _bBengaluru
_e560010
_a1097, 18th B Main, 5th Block, Rajaji Nagar
300 _a224p.
_c24cm(pbk)
_bill.
500 _aAgri-History bulletin no-10
700 _a Subrahmanyam, Chitturi B S
942 _2ddc
_cEN
_mIND
_h338.10954